Normal view
MARC view
- Moorsom, Sasha,
Entry Personal Name
001 - CONTROL NUMBER
- control field: 14075
003 - CONTROL NUMBER IDENTIFIER
- control field: NUST
005 - DATE AND TIME OF LATEST TRANSACTION
- control field: 20190404064431.0
008 - FIXED-LENGTH DATA ELEMENTS
- fixed length control field: 190404|| aca||aabn | a|a d
040 ## - CATALOGING SOURCE
- Original cataloging agency: NUST
- Transcribing agency: NUST
100 ## - HEADING--PERSONAL NAME
- Personal name: Moorsom, Sasha,
- Relator term: tr.
670 ## - SOURCE DATA FOUND
- Source citation: Work cat.: (NUST)232941: Perrault, Charles, 1628-1703. 14071, Perrault's fairy tales., 2004
